[Event "34th Mukachevo Rating IM"]
[Site "Mukachevo UKR"]
[Date "2017.05.18"]
[Round "5.1"]
[White "Dovzik,J"]
[Black "Bykovskiy,Oleg"]
[Result "0-1"]
[WhiteElo "2306"]
[BlackElo "2368"]

1.d4 Nf6 2.c4 g6 3.g3 Bg7 4.Bg2 O-O 5.Nc3 c6 6.Nf3 d5 7.cxd5 Nxd5 8.O-O Nd7
9.e4 Nxc3 10.bxc3 Qa5 11.Qc2 Nb6 12.Bg5 Re8 13.c4 c5 14.Rac1 cxd4 15.c5 Na4
16.e5 Bf5 17.Qc4 Be6 18.Qxd4 Rad8 19.Qe3 Nb2 20.Nd4 Nc4 21.Qe4 Bd5 22.Qxd5
Rxd5 23.Bxd5 Nxe5 24.Bxb7 Nd3 25.Bc6 Nxc1 26.Bxe8 Bxd4 27.Bxc1 Qxc5 28.Bd2 Qc2
29.Bb4 Qxa2 {#R} 0-1

[Event "34th Mukachevo Rating IM"]
[Site "Mukachevo UKR"]
[Date "2017.05.18"]
[Round "5.2"]
[White "Boricsev,O"]
[Black "Burnett,A"]
[Result "0-1"]
[WhiteElo "2340"]
[BlackElo "2183"]

1.e4 c5 2.c3 d5 3.exd5 Qxd5 4.d4 Nc6 5.Nf3 Bf5 6.Na3 cxd4 7.Nb5 O-O-O 8.cxd4
e5 9.Qa4 Bb4+ 10.Bd2 Bxd2+ 11.Kxd2 a6 12.Nc3 Qd6 13.d5 Nf6 14.Bc4 e4 15.Ng5
Qf4+ 16.Ke1 e3 17.f3 Ne5 18.Nce4 Nxe4 19.Nxe4 Bxe4 20.Bxa6 Qh4+ {#R} 0-1

[Event "34th Mukachevo Rating IM"]
[Site "Mukachevo UKR"]
[Date "2017.05.18"]
[Round "5.3"]
[White "Ganze,L"]
[Black "Oros,R"]
[Result "0-1"]
[WhiteElo "2005"]
[BlackElo "2302"]

1.d4 Nf6 2.Nf3 e6 3.c4 b6 4.g3 Bb7 5.Bg2 Bb4+ 6.Nc3 Bxc3+ 7.bxc3 d6 8.O-O Nbd7
9.Bg5 O-O 10.Re1 h6 11.Bxf6 Qxf6 12.Ne5 dxe5 13.Bxb7 Rad8 14.e3 Nc5 15.Bg2
exd4 16.cxd4 e5 17.d5 a5 18.Qc2 Rfe8 19.e4 Qd6 20.Re3 a4 21.Rf1 Ra8 22.Qe2 Nb7
23.h4 Qc5 24.Rc1 Nd6 25.Bh3 Re7 26.Rec3 Rf8 27.g4 g5 28.hxg5 hxg5 29.Bg2 f6
30.Rh3 Rh7 31.Rxh7 Kxh7 32.Rc3 Kg7 33.Qc2 a3 34.Bf3 Ra8 35.Kg2 Ra5 36.Qd3 Ra4
37.Be2 Rb4 38.Rc1 Rb2 39.Rh1 Nf7 40.Qf3 Qf8 41.c5 Nh6 42.Bc4 Rb4 43.Bb3 bxc5
44.d6 cxd6 45.Bd5 Rd4 46.Qh3 Kh7 47.Qxa3 Rxd5 48.exd5 Qf7 49.Qa8 Kg7 50.a4 Qd7
51.f3 e4 52.Rb1 exf3+ 53.Kf1 Qxg4 54.Rb7+ Nf7 55.Qa6 Qg2+ 56.Ke1 f2+ {#R} 0-1

[Event "34th Mukachevo Rating IM"]
[Site "Mukachevo UKR"]
[Date "2017.05.18"]
[Round "5.4"]
[White "Sztercsco,S"]
[Black "Fediv,A1"]
[Result "0-1"]
[WhiteElo "2090"]
[BlackElo "2218"]

1.e4 e6 2.Qe2 Be7 3.Nf3 d5 4.exd5 exd5 5.g3 Nf6 6.Bg2 O-O 7.O-O c6 8.d4 Bg4
9.Qd3 Bxf3 10.Bxf3 Nbd7 11.Bg5 Re8 12.Nc3 Nf8 13.Bxf6 Bxf6 14.Ne2 Ne6 15.c3
Qb6 16.Rab1 Re7 17.h4 Rae8 18.b4 Qd8 19.Kg2 g6 20.Rh1 Qd6 21.Rbe1 h5 22.Qd2
Bg7 23.Nc1 b6 24.Nd3 Rd8 25.Kh2 c5 26.bxc5 bxc5 27.dxc5 Nxc5 28.Nxc5 Rxe1
29.Rxe1 Qxc5 30.Rc1 Kh7 31.Bg2 Qa5 32.Qd3 Qxa2 33.c4 Qxf2 34.cxd5 Qb6 35.Qf3
Rd7 36.Rc6 Qd4 37.Ra6 Be5 38.Kh3 Kg7 39.Ra3 Rd6 40.Qe4 f5 41.Qf3 Rd7 42.Rd3
Qc5 43.Qe2 Bf6 44.Re3 a5 45.Re6 Qc3 46.Rc6 Qe5 47.Qa6 f4 48.Qd3 fxg3 49.Be4
Qf4 {#R} 0-1

[Event "34th Mukachevo Rating IM"]
[Site "Mukachevo UKR"]
[Date "2017.05.19"]
[Round "6.4"]
[White "Burnett,A"]
[Black "Ganze,L"]
[Result "1-0"]
[WhiteElo "2183"]
[BlackElo "2005"]

1.d4 Nf6 2.c4 c5 3.Nf3 e6 4.Nc3 a6 5.g3 cxd4 6.Nxd4 Qc7 7.Bg2 Qxc4 8.O-O Nc6
9.Nb3 d5 10.Bf4 Qb4 11.Rc1 Bd7 12.a3 Qb6 13.e4 dxe4 14.Nxe4 Nxe4 15.Bxe4 Be7
16.Qd3 h6 17.Rfd1 Rd8 18.g4 e5 19.Be3 Qb5 20.Qxb5 axb5 21.f3 O-O 22.Bb6 Be6
23.Bxd8 Bxd8 24.Nc5 Bb6 25.Kg2 Nd4 26.Nxe6 Nxe6 27.Bxb7 Nf4+ 28.Kf1 Bd4 29.b3
Bb2 30.Rb1 Bc3 31.a4 Rb8 32.Bc6 b4 33.a5 Rc8 34.Be4 Bd4 35.a6 f5 36.gxf5 {#r}
1-0

[Event "34th Mukachevo Rating IM"]
[Site "Mukachevo UKR"]
[Date "2017.05.19"]
[Round "7.3"]
[White "Sztercsco,S"]
[Black "Burnett,A"]
[Result "0-1"]
[WhiteElo "2090"]
[BlackElo "2183"]

1.e4 c5 2.Nf3 d6 3.d4 Nf6 4.Nc3 cxd4 5.Nxd4 g6 6.Be2 Bg7 7.Be3 Nc6 8.O-O O-O
9.Qd2 Ng4 10.Bxg4 Bxg4 11.Nxc6 bxc6 12.Bh6 Be6 13.Bxg7 Kxg7 14.Ne2 Qb6 15.c4
f6 16.b3 Rfd8 17.Rfe1 Bf7 18.Nc3 a5 19.Rad1 Rab8 20.Re3 Qb4 21.Rh3 h5 22.Rd3
Rb7 23.Kh1 Rdb8 24.h3 a4 25.Nxa4 Bxc4 26.Rd4 Qxd2 27.R4xd2 Bf7 28.Rc1 c5
29.Nb2 Rb4 30.f3 g5 31.g4 h4 32.Kg2 Ra8 33.Nd1 c4 34.bxc4 Rxc4 35.Rb1 Rca4
36.Rb7 Rxa2 37.Rf2 Rxf2+ 38.Kxf2 Ra2+ 39.Ke3 Kf8 40.Nc3 Ra3 41.Kd4 e5+ 42.Kd3
d5 43.Kd2 d4 44.Nd5 Bxd5 45.exd5 Rxf3 46.d6 Ke8 {#R} 0-1

[Event "34th Mukachevo Rating IM"]
[Site "Mukachevo UKR"]
[Date "2017.05.19"]
[Round "7.5"]
[White "Tiba,V"]
[Black "Fediv,A1"]
[Result "1-0"]
[WhiteElo "2310"]
[BlackElo "2218"]

1.e4 e6 2.d4 d5 3.e5 c5 4.c3 Nc6 5.Nf3 f6 6.Bd3 Qb6 7.O-O cxd4 8.cxd4 Nb4
9.Be2 fxe5 10.dxe5 Ne7 11.a3 Nbc6 12.Nc3 Ng6 13.Bd3 Ngxe5 14.Nxe5 Nxe5 15.Qh5+
Nf7 16.Bb5+ Ke7 17.Re1 {#r} 1-0

[Event "34th Mukachevo Rating IM"]
[Site "Mukachevo UKR"]
[Date "2017.05.20"]
[Round "8.2"]
[White "Oros,R"]
[Black "Tiba,V"]
[Result "0-1"]
[WhiteElo "2302"]
[BlackElo "2310"]

1.e4 c5 2.Nf3 e6 3.d4 cxd4 4.Nxd4 a6 5.Bd3 Qc7 6.O-O Nf6 7.Nd2 Be7 8.c3 Nc6
9.f4 d6 10.N2f3 Nd7 11.Kh1 Rb8 12.Qe1 b5 13.Qg3 Nxd4 14.cxd4 O-O 15.Bd2 f5
16.Rac1 Qb7 17.exf5 exf5 18.Ba5 Nb6 19.Rfe1 Bf6 20.Bb4 Qd7 21.Ng5 Nd5 22.Ba5
Bxg5 23.fxg5 Bb7 24.Bc2 f4 25.Qh4 g6 26.Be4 Rbc8 27.Rxc8 Qxc8 28.Bxd5+ Bxd5
29.Re7 Qc1+ 30.Be1 Rf7 31.Re8+ Rf8 32.Rxf8+ Kxf8 33.b3 f3 34.Qf2 Qf4 35.gxf3
Bxf3+ 36.Kg1 Qxg5+ 37.Qg3 Qf6 38.Bf2 Kg7 39.Be3 h6 40.Qe1 Bd5 41.Qc1 g5 42.Qf1
Qe6 43.Qf2 Qe4 44.Qg3 Qb1+ {#R} 0-1

[Event "34th Mukachevo Rating IM"]
[Site "Mukachevo UKR"]
[Date "2017.05.20"]
[Round "8.3"]
[White "Burnett,A"]
[Black "Bunda,V"]
[Result "0-1"]
[WhiteElo "2183"]
[BlackElo "2302"]

1.d4 g6 2.e4 Bg7 3.Nc3 d6 4.f4 Nf6 5.Nf3 O-O 6.Bd3 Nc6 7.O-O e5 8.fxe5 dxe5
9.d5 Ne7 10.Bc4 Ne8 11.Bb3 Nd6 12.Qe1 f5 13.exf5 Nexf5 14.Ne4 h6 15.c4 b6
16.c5 bxc5 17.Nxc5 e4 18.Ne6 Bxe6 19.dxe6 Qe7 20.Nd2 Nd4 21.Nxe4 Nxb3 22.Rxf8+
Rxf8 23.axb3 Qxe6 24.Ra4 Re8 {#R} 0-1

[Event "34th Mukachevo Rating IM"]
[Site "Mukachevo UKR"]
[Date "2017.05.20"]
[Round "8.4"]
[White "Dovzik,J"]
[Black "Sztercsco,S"]
[Result "1-0"]
[WhiteElo "2306"]
[BlackElo "2090"]

1.c4 Nf6 2.Nf3 g6 3.g3 Bg7 4.Bg2 O-O 5.d4 d5 6.cxd5 Nxd5 7.O-O c6 8.e4 Nf6
9.Nc3 Bg4 10.Be3 Nbd7 11.Qb3 Qb6 12.Qc2 Qa5 13.h3 Bxf3 14.Bxf3 Rac8 15.Bg2 e5
16.Rad1 Rfe8 17.Rfe1 b5 18.a3 b4 19.axb4 Qxb4 20.dxe5 Nxe5 21.Rd4 Qb7 22.Ra4
Rb8 23.f4 Ned7 24.e5 Nd5 25.Nxd5 cxd5 26.Rxa7 Qb4 27.Qc3 Nf8 28.Bxd5 Ne6
29.Qxb4 Rxb4 30.b3 Bf8 31.Rea1 Rd8 32.Bc4 Rbb8 33.Kf2 Rbc8 34.Ke2 Nd4+ 35.Bxd4
Rxd4 36.Bxf7+ Kh8 37.Bc4 {#r} 1-0

[Event "34th Mukachevo Rating IM"]
[Site "Mukachevo UKR"]
[Date "2017.05.20"]
[Round "8.5"]
[White "Boricsev,O"]
[Black "Ganze,L"]
[Result "1-0"]
[WhiteElo "2340"]
[BlackElo "2005"]

1.e4 g6 2.h4 h5 3.d4 d6 4.Bc4 Bg7 5.Qf3 e6 6.Bg5 Bf6 7.Nh3 c6 8.e5 dxe5 9.dxe5
Qa5+ 10.Nc3 Qxe5+ 11.Ne4 Bxg5 12.hxg5 Ne7 13.O-O-O Nf5 14.Nf6+ Ke7 15.Qa3+ c5
16.Rhe1 Qd6 17.Rxd6 Nxd6 18.Qxc5 Rd8 19.Rd1 Nc6 20.Rxd6 Rxd6 21.Ne4 {#r} 1-0

[Event "34th Mukachevo Rating IM"]
[Site "Mukachevo UKR"]
[Date "2017.05.20"]
[Round "9.1"]
[White "Ganze,L"]
[Black "Bykovskiy,Oleg"]
[Result "0-1"]
[WhiteElo "2005"]
[BlackElo "2368"]

1.d4 Nf6 2.c4 g6 3.Nc3 d5 4.cxd5 Nxd5 5.g3 Bg7 6.Bg2 Nxc3 7.bxc3 O-O 8.Nf3 c5
9.O-O Nc6 10.e3 Qa5 11.Bd2 Rd8 12.a4 Qa6 13.Re1 Na5 14.Bf1 c4 15.Rb1 Bd7
16.Bc1 b6 17.Ba3 e6 18.Ng5 Bc6 19.Nf3 Rac8 20.Nd2 Bd7 21.Be7 Re8 22.Bb4 Nb7
23.Ra1 e5 24.Qf3 Bc6 25.Qd1 Bd7 26.Qf3 Bc6 27.e4 Bd7 28.d5 Bh6 29.Nb3 Bxa4
30.d6 Red8 31.Red1 Qb5 32.Rd5 Qd7 33.Rxe5 Bf8 34.Nd4 a5 35.Re7 Bxe7 36.dxe7
axb4 37.exd8=Q+ Nxd8 38.Bh3 Qxh3 39.Rxa4 b3 40.Rb4 Ne6 41.Qf6 Ra8 42.Nxb3 cxb3
43.c4 Nc5 44.Rxb6 Nd7 45.Qc6 Ra1# 0-1

[Event "ch-ISL 2017"]
[Site "Hafnarfjordur ISL"]
[Date "2017.05.16"]
[Round "6.1"]
[White "Thorfinnsson,Bj"]
[Black "Bjornsson,Si"]
[Result "0-1"]
[WhiteElo "2407"]
[BlackElo "2268"]

1.d4 Nf6 2.Bf4 g6 3.e3 Bg7 4.Nf3 O-O 5.Be2 d6 6.h3 c5 7.c3 b6 8.a4 a6 9.Nbd2
Bb7 10.O-O Nbd7 11.Re1 Re8 12.Bh2 Qc7 13.Qb3 cxd4 14.exd4 Bh6 15.Bd3 Nd5 16.c4
Nf4 17.Be4 Rac8 18.a5 Bxe4 19.Rxe4 Ne6 20.axb6 Qxb6 21.Qxb6 Nxb6 22.b3 d5
23.Rxe6 fxe6 24.c5 Nd7 25.b4 Bxd2 26.Nxd2 Nb8 27.Nb3 Nc6 28.Ra4 Kf7 29.Kf1
Red8 30.Ke2 Rd7 31.Kd3 Rb7 32.Kc3 Rb5 33.Bf4 Ke8 34.Nc1 a5 35.bxa5 Rxa5
36.Rxa5 Nxa5 37.Nd3 Nc6 38.Ne5 Nxe5 39.Bxe5 Ra8 40.Kd3 Ra3+ 41.Ke2 g5 42.f3
Ra2+ 43.Kf1 Rc2 44.g4 Kd7 45.f4 Rh2 46.fxg5 Rxh3 47.Kf2 Rc3 48.Ke2 Kc6 49.Kd2
Rh3 50.Ke2 Kb5 51.Bf4 Ra3 52.Be5 Rc3 53.Kd2 Rh3 54.Ke2 Rh1 55.Ke3 Re1+ {#R}
0-1

[Event "ch-ISL 2017"]
[Site "Hafnarfjordur ISL"]
[Date "2017.05.16"]
[Round "6.2"]
[White "Kjartansson,G"]
[Black "Gislason,G"]
[Result "1-0"]
[WhiteElo "2437"]
[BlackElo "2336"]

1.e4 g6 2.d4 Bg7 3.Nc3 d6 4.Be3 a6 5.h4 Nf6 6.f3 Nc6 7.Nge2 e5 8.d5 Ne7 9.Qd2
c6 10.dxc6 bxc6 11.O-O-O d5 12.f4 Be6 13.fxe5 Ng4 14.Nf4 Nxe3 15.Qxe3 Qa5
16.h5 d4 17.Rxd4 Qxe5 18.Nxe6 fxe6 19.Rd3 Bf6 20.Qh3 Rb8 21.Be2 c5 22.Rhd1 Kf7
23.Rf1 Rhf8 24.Kb1 Kg7 25.a3 g5 26.Rdf3 h6 27.Qg3 Qxg3 28.Rxg3 a5 29.Nb5 Be5
30.Rxf8 Rxf8 31.Rf3 Rxf3 32.Bxf3 Nc6 33.c3 Kf6 34.Kc2 a4 35.Kd3 Na5 36.Bd1 c4+
37.Ke2 Bf4 38.Bxa4 g4 39.Nd4 Bc1 40.Kd1 Bxb2 41.Nb5 Nb7 42.Kd2 Ke5 43.Bd1 Nd6
44.Kc2 Nxb5 45.Kxb2 g3 46.a4 Na7 47.Be2 Kxe4 48.Bxc4 e5 49.a5 Ke3 50.Kc2 e4
51.Bd5 Nc8 52.a6 Na7 53.Bb7 Nb5 54.c4 Nd4+ 55.Kb2 {#r} 1-0

[Event "ch-ISL 2017"]
[Site "Hafnarfjordur ISL"]
[Date "2017.05.16"]
[Round "6.3"]
[White "Steingrimsson,H"]
[Black "Stefansson,H"]
[Result "1-0"]
[WhiteElo "2562"]
[BlackElo "2566"]

1.d4 Nf6 2.c4 e6 3.Nc3 Bb4 4.Qc2 d5 5.a3 Bxc3+ 6.Qxc3 Ne4 7.Qc2 c5 8.dxc5 Nc6
9.cxd5 exd5 10.Nf3 Qa5+ 11.Bd2 Qxc5 12.Qxc5 Nxc5 13.Rc1 Nb3 14.Rc3 Nxd2
15.Kxd2 O-O 16.g3 Bf5 17.Bg2 Be4 18.Nh4 Rfe8 19.f3 Bg6 20.Nxg6 hxg6 21.f4 Rad8
22.Rd3 Ne7 23.Rc1 Rd7 24.e4 Red8 25.e5 Kf8 26.Bh3 Nf5 27.Rdc3 Ke7 28.Bxf5 gxf5
29.Kd3 f6 30.Re1 Ke6 31.h4 d4 32.Rc5 Rd5 33.exf6+ Kxf6 34.Rxd5 Rxd5 35.Rc1 Rb5
36.b4 Rb6 37.Rc5 Rd6 38.h5 g6 39.h6 Rd7 40.Rc8 Rh7 41.Kxd4 Rxh6 42.Rc7 Rh3
43.Rxb7 a5 44.Rb6+ Kf7 45.bxa5 Rxg3 46.a4 g5 47.a6 Rg4 48.Rb4 gxf4 49.a7 f3+
50.Ke3 {#r} 1-0

[Event "ch-ISL 2017"]
[Site "Hafnarfjordur ISL"]
[Date "2017.05.16"]
[Round "6.4"]
[White "Birkisson,Bardur Orn"]
[Black "Ragnarsson,Dagur"]
[Result "0-1"]
[WhiteElo "2162"]
[BlackElo "2320"]

1.Nf3 d5 2.c4 d4 3.b4 f6 4.e3 e5 5.b5 c5 6.Bd3 Bd6 7.Qc2 g6 8.exd4 exd4 9.O-O
Ne7 10.Re1 O-O 11.a4 a5 12.Bf1 b6 13.g3 Ra7 14.d3 g5 15.Nbd2 Ng6 16.Ne4 Be7
17.h3 h6 18.Qe2 f5 19.Nfxg5 hxg5 20.Qh5 Kg7 21.Bxg5 Rh8 22.Bxe7 Rxe7 23.Qf3
fxe4 24.Rxe4 Rf7 25.Qd1 Bf5 26.Re2 Qg5 27.Kh2 Nf4 28.gxf4 Qxf4+ 29.Kg1 Bxh3
30.Bxh3 Rxh3 31.Qf1 Qh2# 0-1

[Event "ch-ISL 2017"]
[Site "Hafnarfjordur ISL"]
[Date "2017.05.18"]
[Round "7.1"]
[White "Kjartansson,Dav"]
[Black "Thorfinnsson,Bj"]
[Result "1-0"]
[WhiteElo "2389"]
[BlackElo "2407"]

1.d4 Nf6 2.Bg5 e6 3.Nd2 c5 4.c3 cxd4 5.cxd4 Qb6 6.Bxf6 gxf6 7.Ngf3 Nc6 8.e3 d5
9.Be2 Be7 10.O-O O-O 11.Rb1 a5 12.a3 e5 13.Kh1 exd4 14.e4 dxe4 15.Nxe4 Bf5
16.Ng3 Bg6 17.Bd3 Rfe8 18.h4 Ne5 19.Bf5 h5 20.Qxd4 Qxd4 21.Nxd4 Rad8 22.Nb5
Nd3 23.Nc7 Bc5 24.Nxe8 Rxe8 25.f3 Bxf5 26.Nxf5 Re2 27.b4 axb4 28.axb4 Bxb4
29.Rb3 Rd2 30.Ng3 f5 31.Nxf5 b6 32.Ng3 f5 33.Nxf5 Bc5 34.Rfb1 Nf4 35.R3b2 Rd5
36.Ng3 Nd3 37.Ne4 Nxb2 38.Nf6+ Kf7 39.Nxd5 Nc4 40.Nf4 Na3 41.Rb3 b5 42.Nxh5 b4
43.Nf4 {#r} 1-0

[Event "ch-ISL 2017"]
[Site "Hafnarfjordur ISL"]
[Date "2017.05.18"]
[Round "7.2"]
[White "Ragnarsson,Dagur"]
[Black "Stefansson,Vignir Vatnar"]
[Result "1-0"]
[WhiteElo "2320"]
[BlackElo "2334"]

1.d4 Nf6 2.Nf3 e6 3.c4 c5 4.Nc3 cxd4 5.Nxd4 Nc6 6.a3 d5 7.cxd5 Nxd5 8.Nxc6
bxc6 9.Bd2 Ba6 10.e4 Bxf1 11.Kxf1 Nb6 12.Qc2 Qd4 13.Ne2 Qc4 14.Rc1 O-O-O 15.g3
Qxc2 16.Rxc2 Kb7 17.Kg2 Be7 18.Rhc1 Rc8 19.Nd4 c5 20.Nb3 Na4 21.Be3 Rhd8
22.Na5+ Ka6 23.Nb3 Rb8 24.Nxc5+ Bxc5 25.Bxc5 Rxb2 26.Rxb2 Nxb2 27.Be3 Rd7
28.Rc8 Nd1 29.Bc1 Kb7 30.Rc2 Rc7 31.Rxc7+ Kxc7 32.Kf3 g6 33.Bf4+ {#r} 1-0

[Event "ch-ISL 2017"]
[Site "Hafnarfjordur ISL"]
[Date "2017.05.18"]
[Round "7.3"]
[White "Stefansson,H"]
[Black "Birkisson,Bardur Orn"]
[Result "1-0"]
[WhiteElo "2566"]
[BlackElo "2162"]

1.e4 e5 2.Nf3 Nc6 3.Bb5 a6 4.Ba4 Nf6 5.O-O Be7 6.Re1 b5 7.Bb3 d6 8.c3 O-O 9.h3
Nb8 10.d4 Nbd7 11.Nbd2 Bb7 12.Bc2 Re8 13.Nf1 Bf8 14.Ng3 g6 15.Bg5 h6 16.Bd2
Bg7 17.Qc1 Kh7 18.Nh2 d5 19.f3 c5 20.dxe5 Nxe5 21.f4 Nc4 22.e5 Nd7 23.b3 Nxd2
24.Qxd2 Qc7 25.h4 Rad8 26.h5 d4 27.Ng4 dxc3 28.Qxc3 b4 29.hxg6+ fxg6 30.Bxg6+
Kxg6 31.Qc2+ Kf7 32.Nxh6+ Bxh6 33.Qh7+ Bg7 34.Nf5 Qc6 35.Qxg7+ Ke6 36.Qg6+ Nf6
37.Qxf6+ Kd7 38.Rad1+ Kc7 39.Qxc6+ Bxc6 40.Nd6 Rg8 41.Rd2 Rg4 42.f5 Rdg8
43.Ree2 a5 44.f6 {#r} 1-0

[Event "ch-ISL 2017"]
[Site "Hafnarfjordur ISL"]
[Date "2017.05.18"]
[Round "7.4"]
[White "Gislason,G"]
[Black "Steingrimsson,H"]
[Result "0-1"]
[WhiteElo "2336"]
[BlackElo "2562"]

1.d4 d5 2.c4 e6 3.cxd5 exd5 4.Nc3 c6 5.Nf3 Nf6 6.Qc2 Be7 7.Bg5 g6 8.e3 Bf5
9.Bd3 Bxd3 10.Qxd3 Nbd7 11.O-O O-O 12.h3 Re8 13.Bf4 Bf8 14.a3 a5 15.Rac1 a4
16.Qc2 Qa5 17.Nd2 Qa6 18.Rfe1 c5 19.Nf3 c4 20.Ne5 Qa5 21.Qd1 Bg7 22.Qf3 Rad8
23.Bg5 Re6 24.e4 dxe4 25.Rxe4 Nxe5 26.Rxe5 Rxe5 27.dxe5 Qxe5 28.Ne4 Nxe4
29.Bxd8 Qxb2 30.Rd1 f5 31.Bh4 h6 32.Rd7 c3 33.Qd3 c2 34.Rxg7+ Kxg7 35.Qd7+ Kg8
36.Qc8+ Kh7 37.Qc7+ Qg7 38.Qxc2 Qa1+ 39.Kh2 Qe5+ 40.Bg3 f4 41.Bh4 g5 42.Bxg5
hxg5 43.f3 Kh6 44.fxe4 f3+ 45.g3 Qd4 46.h4 Qe3 47.Kh3 gxh4 48.Qb2 Kg6 49.Qe5
Qg5 50.Qe8+ Kg7 51.Qd7+ Kh6 52.g4 Qf6 53.Qd2+ Kg6 54.Qf2 b5 55.Qc2 Kg7 56.Qc7+
Qf7 57.Qe5+ Kh7 58.Qxb5 f2 59.Qf1 Qf4 60.Kxh4 Qh2+ 61.Kg5 Qg1 62.Qh3+ Kg8
63.Kg6 f1=Q 64.Qh7+ Kf8 65.Qh8+ Ke7 66.Qe5+ Kd7 67.Qd5+ Kc7 68.Qe5+ Kb7
69.Qd5+ Ka6 70.Qa8+ Qa7 {#R} 0-1

[Event "ch-ISL 2017"]
[Site "Hafnarfjordur ISL"]
[Date "2017.05.18"]
[Round "7.5"]
[White "Bjornsson,Si"]
[Black "Kjartansson,G"]
[Result "0-1"]
[WhiteElo "2268"]
[BlackElo "2437"]

1.e4 e6 2.d4 d5 3.Nc3 Bb4 4.e5 c5 5.a3 Bxc3+ 6.bxc3 Qa5 7.Bd2 Qa4 8.Qg4 Kf8
9.Qd1 b6 10.dxc5 bxc5 11.Nf3 Ne7 12.Be2 Ba6 13.O-O Nd7 14.Rb1 Nc6 15.Be3 h6
16.Bxa6 Qxa6 17.Qd3 c4 18.Qd2 Kg8 19.h3 Ndxe5 20.Nxe5 Nxe5 21.f4 Nd7 22.f5
Qxa3 23.Rb7 Qd6 24.fxe6 Qxe6 25.Bxa7 f6 26.Bd4 Qc6 27.Rfb1 Kh7 28.Qf4 Qe6
29.Qg3 Rhe8 30.Kh2 Ra6 31.Bb6 Re7 32.Bd4 Ne5 33.R7b5 Ra2 34.Bc5 Rd7 35.Rb6 Qf5
36.R6b2 Rxb2 37.Rxb2 Qe4 38.Bd4 Ng6 39.Be3 Re7 40.Bd4 Nf4 41.Bc5 Re5 42.h4
Nxg2 43.Rb7 Qxh4+ {#R} 0-1

[Event "ch-ISL 2017"]
[Site "Hafnarfjordur ISL"]
[Date "2017.05.19"]
[Round "8.1"]
[White "Thorfinnsson,Bj"]
[Black "Kjartansson,G"]
[Result "0-1"]
[WhiteElo "2407"]
[BlackElo "2437"]

1.Nf3 d5 2.g3 Nf6 3.Bg2 e6 4.c4 Be7 5.O-O O-O 6.d3 c5 7.b3 Nc6 8.Bb2 d4 9.e3
e5 10.Re1 Bd6 11.a3 a5 12.Nbd2 Re8 13.Qc2 h6 14.exd4 exd4 15.Rxe8+ Qxe8 16.Re1
Qd8 17.Ne4 Nxe4 18.Rxe4 Bd7 19.Re2 a4 20.bxa4 Qa5 21.Nd2 Qxa4 22.Ne4 Qxc2
23.Rxc2 Be7 24.f4 Kf8 25.Bc1 Ke8 26.Nf2 Kd8 27.g4 Ra6 28.Bd5 f6 29.Kf1 Rb6
30.Rb2 Rxb2 31.Bxb2 Bd6 32.Bc1 Kc7 33.h3 Na5 34.f5 Nb3 35.Bb2 Bc6 36.Bxc6 Kxc6
37.Ke2 b5 38.cxb5+ Kxb5 39.Ne4 Bf4 40.Kd1 c4 41.Kc2 Be5 42.h4 Bf4 43.a4+ Kb4
44.a5 Kxa5 45.dxc4 Kb4 46.Kd3 Be3 47.c5 Nxc5+ 48.Nxc5 Kxc5 49.Ba3+ Kd5 50.Bf8
h5 51.gxh5 Bh6 52.Bb4 Ke5 53.Bc5 Kxf5 54.Bxd4 Kg4 55.Ke4 Bf4 56.Bc3 Bg3
57.Bxf6 gxf6 58.h6 Be5 59.Kd5 Bb2 60.Ke6 f5 {#R} 0-1

[Event "ch-ISL 2017"]
[Site "Hafnarfjordur ISL"]
[Date "2017.05.19"]
[Round "8.2"]
[White "Steingrimsson,H"]
[Black "Bjornsson,Si"]
[Result "1-0"]
[WhiteElo "2562"]
[BlackElo "2268"]

1.d4 Nf6 2.c4 g6 3.Nc3 Bg7 4.e4 d6 5.Be2 O-O 6.Nf3 e5 7.O-O Na6 8.Re1 Qe8
9.dxe5 dxe5 10.Be3 c6 11.Qd6 Bg4 12.Rad1 Nh5 13.h3 Bxf3 14.Bxf3 Nf4 15.Bxf4
exf4 16.Qxf4 Bxc3 17.bxc3 Qe7 18.e5 Rad8 19.Rd4 Nc5 20.Qd2 Rfe8 21.Re3 Qc7
22.Bg4 Qb6 23.h4 Rb8 24.h5 Re7 25.hxg6 hxg6 26.Rh3 Rxe5 27.Qh6 Re1+ 28.Kh2
Qc7+ 29.f4 {#r} 1-0

[Event "ch-ISL 2017"]
[Site "Hafnarfjordur ISL"]
[Date "2017.05.19"]
[Round "8.3"]
[White "Birkisson,Bardur Orn"]
[Black "Gislason,G"]
[Result "1-0"]
[WhiteElo "2162"]
[BlackElo "2336"]

1.d4 Nf6 2.Nf3 g6 3.Bg5 Bg7 4.Nbd2 h6 5.Bh4 d6 6.e4 O-O 7.c3 Qe8 8.Bc4 b5
9.Bd3 Nh5 10.Bg3 c5 11.a4 b4 12.cxb4 cxb4 13.O-O a5 14.e5 Nxg3 15.hxg3 dxe5
16.dxe5 Ba6 17.Nb3 Bxd3 18.Qxd3 Nd7 19.Qe3 e6 20.Rfd1 g5 21.Rd6 Rc8 22.Nxa5
Nc5 23.b3 g4 24.Nd2 f5 25.Rc1 Ne4 26.Rxc8 Qxc8 27.Nxe4 fxe4 28.Nc4 Qe8 29.Qxe4
{#r} 1-0

[Event "ch-ISL 2017"]
[Site "Hafnarfjordur ISL"]
[Date "2017.05.19"]
[Round "8.4"]
[White "Stefansson,Vignir Vatnar"]
[Black "Stefansson,H"]
[Result "0-1"]
[WhiteElo "2334"]
[BlackElo "2566"]

1.d4 Nf6 2.Nf3 b6 3.Bf4 Bb7 4.e3 g6 5.Nbd2 Bg7 6.h3 O-O 7.Bd3 d6 8.O-O Nbd7
9.e4 Nh5 10.Be3 e5 11.c3 Qe7 12.Bc4 Nhf6 13.Re1 h6 14.Qc2 Rae8 15.Bd3 Nh5
16.Bc4 Kh8 17.g3 f5 18.Nh4 Qf6 19.exf5 gxf5 20.Qxf5 Qxf5 21.Nxf5 Rxf5 22.g4
Rf4 23.gxh5 Rh4 24.Kh2 Rf8 25.Be6 exd4 26.cxd4 Nf6 27.Kg3 Rxh5 28.Bg4 Rb5
29.b3 Nh5+ 30.Kh2 Nf4 31.Kg3 Nd5 32.h4 Nf6 33.a4 Rb4 34.Be2 Nd5 35.Bc4 c5
36.dxc5 Nxe3 37.fxe3 Bxa1 {#R} 0-1

[Event "ch-ISL 2017"]
[Site "Hafnarfjordur ISL"]
[Date "2017.05.19"]
[Round "8.5"]
[White "Kjartansson,Dav"]
[Black "Ragnarsson,Dagur"]
[Result "1-0"]
[WhiteElo "2389"]
[BlackElo "2320"]

1.d4 d5 2.Bf4 c5 3.Nc3 Nc6 4.e3 a6 5.Nf3 Bg4 6.Be2 e6 7.O-O Nf6 8.h3 Bh5 9.Rc1
Bd6 10.Bg5 cxd4 11.Nxd4 Bxe2 12.Ncxe2 h6 13.Bxf6 Qxf6 14.c4 O-O 15.cxd5 exd5
16.Qb3 Rfd8 17.Rfd1 Na5 18.Qc2 g6 19.b3 Ba3 20.Rb1 Bd6 21.g3 h5 22.Qc3 b6
23.Rbc1 Rac8 24.Qxc8 Rxc8 25.Rxc8+ Kg7 26.h4 g5 27.hxg5 Qxg5 28.Kg2 h4 29.Rh1
hxg3 30.Rhh8 gxf2+ 31.Kxf2 Kf6 32.Rcg8 Qe5 33.Ng3 Nb7 34.Nh5+ Ke7 35.Nc6+ {#r}
1-0

[Event "ch-ISL 2017"]
[Site "Hafnarfjordur ISL"]
[Date "2017.05.20"]
[Round "9.3"]
[White "Gislason,G"]
[Black "Stefansson,Vignir Vatnar"]
[Result "1-0"]
[WhiteElo "2336"]
[BlackElo "2334"]

1.d4 Nf6 2.c4 e6 3.Nc3 c5 4.Nf3 cxd4 5.Nxd4 d5 6.Bf4 Bc5 7.e3 O-O 8.Ndb5 Nc6
9.cxd5 Nxd5 10.Nxd5 exd5 11.Bd3 Bb4+ 12.Kf1 Be6 13.Nc7 Qf6 14.Nxa8 Rxa8 15.a3
Bf8 16.Qe2 g5 17.Bg3 d4 18.e4 Ne5 19.Bxe5 Qxe5 20.Qh5 f6 21.h4 Bf7 22.Qf3 Be6
23.hxg5 fxg5 24.Qh5 Qg7 25.Rc1 {#r} 1-0

[Event "ch-ISL 2017"]
[Site "Hafnarfjordur ISL"]
[Date "2017.05.20"]
[Round "9.4"]
[White "Bjornsson,Si"]
[Black "Birkisson,Bardur Orn"]
[Result "1-0"]
[WhiteElo "2268"]
[BlackElo "2162"]

1.e4 e5 2.Nf3 Nc6 3.Nc3 Nf6 4.Bb5 Bb4 5.O-O O-O 6.d3 d6 7.Bg5 Bxc3 8.bxc3 h6
9.Bh4 Bg4 10.h3 Bh5 11.g4 Bg6 12.Ne1 d5 13.f4 Qd6 14.Bxc6 bxc6 15.f5 Bh7
16.Bxf6 Qxf6 17.Nf3 Qd6 18.Qe1 Rfe8 19.Rb1 Qc5+ 20.Kg2 dxe4 21.dxe4 Qa3 22.Qe2
Qxa2 23.Rb7 a5 24.Rfb1 a4 25.R1b2 Qa3 26.Qc4 Qd6 27.R7b4 a3 28.Ra2 Kh8 29.Ra4
Rxa4 30.Qxa4 Qd1 31.Qxc6 Qe2+ 32.Kg3 Rd8 33.Rxa3 Bg8 34.Ra8 Rxa8 35.Qxa8 Qc4
36.Qd5 Qxc3 37.Qxe5 Qxc2 38.f6 g6 39.g5 Qc1 40.h4 Qc6 41.Qe7 Qa8 42.Ne5 {#r}
1-0

[Event "ch-ISL 2017"]
[Site "Hafnarfjordur ISL"]
[Date "2017.05.20"]
[Round "9.5"]
[White "Kjartansson,G"]
[Black "Steingrimsson,H"]
[Result "1-0"]
[WhiteElo "2437"]
[BlackElo "2562"]

1.Nf3 d5 2.g3 Nf6 3.Bg2 c6 4.O-O Bg4 5.h3 Bh5 6.d3 Nbd7 7.Qe1 e5 8.e4 dxe4
9.dxe4 a5 10.a4 Bc5 11.Na3 Bg6 12.Nc4 Qc7 13.Nh4 O-O 14.Bd2 b6 15.Kh2 Rfe8
16.Qe2 Rad8 17.c3 Bf8 18.b4 axb4 19.cxb4 Bh5 20.g4 Bg6 21.Rfc1 Be7 22.Kg1 Ra8
23.a5 bxa5 24.bxa5 Nc5 25.Nxg6 hxg6 26.Rcb1 Ne6 27.a6 Nd4 28.Qd1 Nb5 29.Be3
Nd7 30.Qc1 Rec8 31.Bf1 Bc5 32.Bxc5 Nxc5 33.Qe3 Nd7 34.Na3 Nd6 35.Rd1 Rd8
36.Rac1 Nb8 37.Qc5 Nxa6 38.Qxe5 Nb5 39.Qxc7 Naxc7 40.Rxd8+ Rxd8 41.Rxc6 Nxa3
42.Rxc7 f6 43.g5 fxg5 44.e5 Re8 45.Bd3 Rd8 46.Bxg6 Nb5 47.Rb7 Nd4 48.e6 Nxe6
49.Bf7+ Kh7 50.Bxe6 Rd6 51.Bf5+ Kh6 52.Kg2 g6 53.Be4 Re6 54.Bd5 Rd6 55.Bg8
{#r} 1-0